[Event "Robinson Cup U14"]
[Site "Dundalk"]
[Date "2019.07.23"]
[Round "4.3"]
[White "Maheshwari, Ritvik"]
[Black "Kutchoukov, Daniel"]
[Result "1/2-1/2"]
[WhiteElo "1444"]
[BlackElo "1845"]
[PlyCount "46"]
[EventDate "2019.07.22"]
[EventType "team-tourn"]
[EventRounds "5"]
[EventCountry "IRL"]
[SourceTitle "EXT 2022"]
[Source "ChessBase"]
[SourceDate "2021.10.06"]
[SourceVersion "1"]
[SourceVersionDate "2021.10.06"]
[SourceQuality "1"]
[WhiteTeam "Scotland (U14)"]
[BlackTeam "Netherlands (U14)"]
[WhiteTeamCountry "SCO"]
[BlackTeamCountry "NED"]

1. d4 Nf6 2. Nf3 e6 3. Bf4 d5 4. e3 Bd6 5. Bg3 0-0 6. Nbd2 b6 7. c3 Bb7 8. Ne5 Ne4 9. Bd3 f6 10. Nef3 f5 11. Qc2 Qe7 12. Bxe4 fxe4 13. Ne5 Nd7 14. f4 Bxe5 15. fxe5 a5 16. Rf1 Ba6 17. Rf2 c5 18. Qd1 Bd3 19. a4 Ba6 20. Qb3 Rab8 21. Qd1 Qe8 22. Ra2 Qd8 23. Qg4 Qe7 1/2-1/2

[Event "SCO-ch 126th"]
[Site "Edinburgh"]
[Date "2019.07.06"]
[Round "1"]
[White "Irving, Neil"]
[Black "Maheshwari, Ritvik"]
[Result "1/2-1/2"]
[WhiteElo "1913"]
[BlackElo "1444"]
[PlyCount "54"]
[EventDate "2019.07.06"]
[EventType "swiss"]
[EventRounds "9"]
[EventCountry "SCO"]
[SourceTitle "EXT 2021"]
[Source "ChessBase"]
[SourceDate "2020.10.23"]
[SourceVersion "1"]
[SourceVersionDate "2020.10.23"]
[SourceQuality "1"]

1. Nf3 d5 2. c4 e6 3. g3 Nf6 4. Bg2 Be7 5. 0-0 0-0 6. d4 Nbd7 7. Qc2 c6 8. Nbd2 a5 9. e4 Nxe4 10. Nxe4 dxe4 11. Qxe4 Nf6 12. Qc2 c5 13. Rd1 cxd4 14. Nxd4 Qb6 15. Be3 Bc5 16. Qe2 e5 17. Nc2 Bg4 18. Bf3 Bxf3 19. Qxf3 Bxe3 20. Nxe3 Rfd8 21. b3 Rd4 22. Nf5 Rxd1+ 23. Rxd1 e4 24. Qf4 Rd8 25. Ne7+ Kf8 26. Nd5 Qd6 27. Qxd6+ Rxd6 1/2-1/2

[Event "SCO-ch 125th"]
[Site "Paisley"]
[Date "2018.07.12"]
[Round "6"]
[White "Maheshwari, Ritvik"]
[Black "Doris, Peter"]
[Result "1-0"]
[WhiteElo "1281"]
[BlackElo "1533"]
[PlyCount "113"]
[EventDate "2018.07.07"]
[EventType "swiss"]
[EventRounds "9"]
[EventCountry "SCO"]
[SourceTitle "CBM 185 Extra"]
[Source "ChessBase"]
[SourceDate "2018.07.29"]
[SourceVersion "1"]
[SourceVersionDate "2018.07.29"]
[SourceQuality "1"]

1. d4 d5 2. Bf4 Nf6 3. e3 Bf5 4. Nf3 e6 5. Nbd2 Bd6 6. Bg3 h6 7. c3 0-0 8. Ne5 Nfd7 9. Qb3 b6 10. Nxd7 Qxd7 11. Bb5 c6 12. Bxd6 Qxd6 13. Be2 c5 14. 0-0 Nc6 15. Rac1 c4 16. Qd1 b5 17. b4 a5 18. a3 axb4 19. axb4 Ra2 20. f3 Rfa8 21. e4 Bg6 22. e5 Qe7 23. f4 Rb2 24. Nf3 Raa2 25. Rf2 Bd3 26. Bxd3 Rxf2 27. Bc2 Rxf3 28. Qxf3 Qh4 29. Qg3 Qh5 30. Qf3 Qxf3 31. gxf3 g6 32. Kf2 Ne7 33. Ke2 Nf5 34. Kf2 h5 35. Ke2 h4 36. Kf2 h3 37. Ke2 Nh4 38. Kf2 Ng2 39. Kg3 Ne3 40. Bb1 Ra1 41. Kxh3 Kg7 42. Kg3 Kh6 43. Kh4 Nf5+ 44. Kg4 Ne7 45. Rh1 Nc8 46. h4 Ne7 47. Rg1 Nf5 48. Rh1 Ne3+ 49. Kg3 Kh5 50. Bxg6+ Kxg6 51. Rxa1 Kh5 52. Kf2 Nf5 53. Ra5 Kxh4 54. Rxb5 Kh5 55. Rb7 Kg6 56. b5 Ng7 57. b6 1-0

[Event "Dundee & Angus Minor"]
[Site "Dundee"]
[Date "2016.10.09"]
[Round "4"]
[White "Dutta, Nandini"]
[Black "Maheshwari, Ritvik"]
[Result "1-0"]
[WhiteElo "1116"]
[BlackElo "870"]
[PlyCount "77"]
[EventDate "2016.10.07"]
[EventType "swiss"]
[EventRounds "5"]
[EventCountry "SCO"]
[SourceTitle "EXT 2023"]
[Source "ChessBase"]
[SourceDate "2022.10.05"]
[SourceVersion "1"]
[SourceVersionDate "2022.10.05"]
[SourceQuality "1"]

1. e4 e6 2. d3 d5 3. Nd2 c5 4. Ngf3 Nc6 5. g3 Qb6 6. Bg2 Bd6 7. 0-0 Nge7 8. Re1 0-0 9. Nf1 Bd7 10. h4 f5 11. e5 Bc7 12. Rb1 Ng6 13. Bf4 Nxf4 14. gxf4 Rad8 15. N1d2 Be8 16. c3 Bh5 17. Qc2 Ne7 18. d4 cxd4 19. cxd4 Ng6 20. Kh2 Nxf4 21. Nb3 Nxg2 22. Kxg2 Bxf3+ 23. Kxf3 Rc8 24. Rbc1 Bxe5 25. Qxc8 Rxc8 26. Rxc8+ Kf7 27. dxe5 h6 28. Rg1 d4 29. Rcc1 d3 30. Rcd1 Qc6+ 31. Ke3 Qe4+ 32. Kd2 Qe2+ 33. Kc3 Qc2+ 34. Kd4 Qxf2+ 35. Kxd3 Qf3+ 36. Kc2 Qf2+ 37. Kb1 Qxh4 38. Rd7+ Kg8 39. Rdxg7+ 1-0